La seule capitale finissant par... - Statistiques

Statistiques générales
  • Ce quiz a été pris 63 fois
  • Le résultat moyen est 21 sur 60
Statistiques - réponses
Terminaison Capitale % Correct
...v Kiev
74%
...sk Minsk
66%
...ok Bangkok
58%
...ko Bamako
57%
...ï Hanoï
57%
...aa Sanaa
57%
...uz Vaduz
57%
...tt Nouakchott
55%
...am Amsterdam
53%
...az La Paz
49%
...nh Phnom Penh
47%
...n's Saint John's
47%
...ït Koweït
45%
...ey Niamey
45%
...nn Tallinn
45%
...yo Tokyo
45%
...ry Conakry
43%
...bé Douchanbé
43%
...ja Abuja
42%
...rg Luxembourg
42%
...we Lilongwe
40%
...us Vilnius
38%
...th Beyrouth
36%
...lo Oslo
36%
...ir Palikir
36%
...by Port Moresby
36%
...lm Stockholm
36%
...er Alger
34%
...id Madrid
34%
...ui Bangui
32%
...ki Helsinki
32%
...em Jérusalem
32%
...ud Ngerulmud
32%
...ik Reykjavik
30%
...um Khartoum
28%
...da Luanda
28%
...w Naypyidaw
28%
...fa Nukuʻalofa
28%
...ng Pyongyang
28%
...ru Maseru
26%
...go Santiago
26%
...ha Doha
25%
...ka Lusaka
25%
...ua Managua
25%
...eo Montevideo
25%
...ni Moroni
25%
...ei Taipei
25%
...si Tbilissi
25%
...sa Kinshasa
23%
...je Skopje
23%
...b Zagreb
23%
...ar Dakar
21%
...ce Port-au-Prince
21%
...sé San José
21%
...en Yaren
21%
...hi New Delhi
19%
...nt Tachkent
19%
...p Le Cap
17%
...pa Tegucigalpa
17%
...io Mogadiscio
13%
Aucun quiz correspondant
Distribution des résultats
% des personnes avec chaque résultat
Percentile par nombre de réponses
Votre historique - résultats
Vous n’avez pas pris ce quiz